Buchstaben nach Häufigkeit sortieren - Statistiken

Allgemein
  • Dieses Quiz wurde 281 mal gespielt
    195 seit der letzten Aktualisierung
  • Das Durchschnittsergebnis liegt bei 14 aus 26
Antwortstatistiken
Anteil Buchstabe % Korrekt
17,40% E
100%
9,78% N
91%
7,55% I
89%
7,27% S
84%
6,51% A
81%
7,00% R
79%
6,15% T
74%
5,08% D
71%
4,76% H
66%
4,35% U
64%
3,44% L
57%
3,06% C
55%
3,01% G
50%
2,51% O
49%
2,53% M
46%
1,89% B/W
45%
0,03% X
44%
0,04% Y
43%
0,02% Q
42%
1,66% F
40%
1,21% K
36%
1,13% Z
35%
0,27% J
30%
0,67% V
29%
0,79% P
26%
0,31% ß
12%
Keine übereinstimmenden Quizze gefunden
Verteilung der Resultate
Anzahl Personen mit jedem Resultat
Perzentil nach korrekt beantworteten Fragen
Ihre Resultats-Entwicklung
Sie haben dieses Quiz seit der letzten Aktualisierung nicht gespielt